[Event "2. Bundesliga Ost 2013/2014"]
[Site "Wien"]
[Date "2014.02.22"]
[Round "8"]
[Board "2"]
[White "Heiny, Johannes"]
[Black "Ganaus, Hannes"]
[Result "0-1"]
[WhiteElo "2297"]
[BlackElo "2302"]
[PlyCount "53"]
[EventDate "2013.10.05"]
[EventType "team"]
[EventRounds "11"]
[EventCountry "AUT"]
[WhiteTeam "Purbach"]
[BlackTeam "Spg Data Technology Eichgraben/P."]

1. d4 Nf6 2. c4 e6 3. Nc3 Bb4 4. e3 b6 5. Nge2 Bb7 6. a3 Be7 7. d5 O-O 8. g3 b5
9. Qb3 Na6 10. Nd4 Nc5 11. Qa2 bxc4 12. Bxc4 exd5 13. Nxd5 Nd3+ 14. Kf1 Ne5 15.
Nf5 Bc5 16. Bb3 a5 17. a4 Rb8 18. Bd2 Ba6+ 19. Kg2 Nxd5 20. Bxd5 Qf6 21. Be4 d5
22. Bc2 Nd3 23. Bxd3 Bxd3 24. Nh4 Be4+ 25. f3 Rxb2 26. fxe4 Bxe3 27. e5 0-1

[Event "2. Bundesliga Ost 2013/2014"]
[Site "Wien"]
[Date "2014.02.22"]
[Round "8"]
[Board "3"]
[White "Neumeier, Klaus"]
[Black "Wiedermann, Daniel"]
[Result "1/2-1/2"]
[WhiteElo "2296"]
[BlackElo "2164"]
[PlyCount "50"]
[EventDate "2013.10.05"]
[EventType "team"]
[EventRounds "11"]
[EventCountry "AUT"]
[WhiteTeam "Spg Data Technology Eichgraben/P."]
[BlackTeam "Purbach"]

1. d4 Nf6 2. Nf3 e6 3. c4 d5 4. g3 dxc4 5. Bg2 b5 6. O-O Bb7 7. a4 a6 8. axb5
axb5 9. Rxa8 Bxa8 10. Nc3 Bc6 11. Ne5 Bxg2 12. Kxg2 c6 13. Bg5 Be7 14. e3 h6
15. Bxf6 gxf6 16. Nf3 Na6 17. Qe2 Qa5 18. e4 O-O 19. Nd2 Rd8 20. Rd1 Nb4 21.
Qg4+ Kh7 22. Qh5 Kg7 23. Qg4+ Kh7 24. Qh5 Kg7 25. Qg4+ Kh7 1/2-1/2

[Event "2. Bundesliga Ost 2013/2014"]
[Site "Wien"]
[Date "2014.02.22"]
[Round "8"]
[Board "4"]
[White "Heiny, Michael"]
[Black "Pichler, Michael"]
[Result "1/2-1/2"]
[WhiteElo "2084"]
[BlackElo "2243"]
[PlyCount "69"]
[EventDate "2013.10.05"]
[EventType "team"]
[EventRounds "11"]
[EventCountry "AUT"]
[WhiteTeam "Purbach"]
[BlackTeam "Spg Data Technology Eichgraben/P."]

1. d4 e6 2. c4 d5 3. Nc3 Nf6 4. Bg5 Nbd7 5. cxd5 exd5 6. e3 c6 7. Bd3 Be7 8.
Qc2 O-O 9. Nge2 Re8 10. O-O Nf8 11. Rab1 a5 12. a3 Be6 13. b4 axb4 14. axb4 Rc8
15. Rfc1 Bd6 16. h3 h6 17. Bh4 g5 18. Bg3 Nh5 19. Bxd6 Qxd6 20. b5 c5 21. dxc5
Rxc5 22. Nd4 Rec8 23. Qb2 Qe5 24. Nce2 Nd7 25. Qa3 Qd6 26. Rxc5 Nxc5 27. Nf5
Bxf5 28. Bxf5 Rd8 29. Rd1 Ne6 30. Qxd6 Rxd6 31. Nc3 Nhg7 32. Be4 d4 33. exd4
Nxd4 34. Bxb7 Nxb5 35. Rxd6 1/2-1/2

[Event "2. Bundesliga Ost 2013/2014"]
[Site "Wien"]
[Date "2014.02.22"]
[Round "8"]
[Board "5"]
[White "Hechl, Gerald"]
[Black "Zimmermann, Heinz"]
[Result "1/2-1/2"]
[WhiteElo "2182"]
[BlackElo "2171"]
[PlyCount "60"]
[EventDate "2013.10.05"]
[EventType "team"]
[EventRounds "11"]
[EventCountry "AUT"]
[WhiteTeam "Spg Data Technology Eichgraben/P."]
[BlackTeam "Purbach"]

1. e4 c5 2. Nf3 a6 3. c4 Nc6 4. d4 cxd4 5. Nxd4 Nf6 6. Nc3 e5 7. Nf5 d5 8. cxd5
Bxf5 9. exf5 Nd4 10. Bg5 Bb4 11. Bd3 Qa5 12. O-O Nxd5 13. Nxd5 Qxd5 14. Qg4 f6
15. Be3 O-O 16. b3 Kh8 17. Rad1 Rad8 18. Bc4 Qa5 19. Bxd4 exd4 20. Rd3 Bd2 21.
Rxd4 Rxd4 22. Qxd4 Rd8 23. Qe4 b5 24. Be6 Qxa2 25. Qc6 Qa3 26. Rd1 Qd6 27. Qc2
Qd4 28. Qc6 Qd6 29. Qc2 Qd4 30. Qc6 Qd6 1/2-1/2

[Event "2. Bundesliga Ost 2013/2014"]
[Site "Wien"]
[Date "2014.02.22"]
[Round "8"]
[Board "6"]
[White "Rainprecht, Bernhard"]
[Black "Wandl, Werner"]
[Result "1/2-1/2"]
[WhiteElo "2115"]
[BlackElo "2063"]
[PlyCount "37"]
[EventDate "2013.10.05"]
[EventType "team"]
[EventRounds "11"]
[EventCountry "AUT"]
[WhiteTeam "Purbach"]
[BlackTeam "Spg Data Technology Eichgraben/P."]

1. e4 e6 2. b3 d5 3. Bb2 Nf6 4. e5 Nfd7 5. f4 c5 6. Nf3 Nc6 7. Bd3 f5 8. exf6
Nxf6 9. Ne5 Bd6 10. O-O O-O 11. Nxc6 bxc6 12. Be5 c4 13. Be2 Qb6+ 14. Kh1 Bxe5
15. fxe5 Ne4 16. Rxf8+ Kxf8 17. Qf1+ Kg8 18. Nc3 Nf2+ 19. Kg1 1/2-1/2

[Event "2. Bundesliga Ost 2013/2014"]
[Site "Wien"]
[Date "2014.02.22"]
[Round "8"]
[Board "1"]
[White "Papp, Gabor"]
[Black "Stohl, Igor"]
[Result "1/2-1/2"]
[WhiteElo "2583"]
[BlackElo "2526"]
[PlyCount "68"]
[EventDate "2013.10.05"]
[EventType "team"]
[EventRounds "11"]
[EventCountry "AUT"]
[WhiteTeam "ASVOE Mattersburg"]
[BlackTeam "SG Hietzing/Ottakring"]

1. e4 c5 2. Nf3 d6 3. d4 cxd4 4. Nxd4 Nf6 5. Nc3 a6 6. Be3 e5 7. Nb3 Be6 8. Qd2
Nbd7 9. O-O-O Be7 10. f4 b5 11. f5 Bc4 12. Kb1 Qc7 13. Be2 b4 14. Nd5 Nxd5 15.
exd5 a5 16. Nc1 Nf6 17. g4 h6 18. h4 Bxd5 19. Rhg1 Bc6 20. g5 hxg5 21. hxg5 Ne4
22. Qe1 Rh2 23. Bd3 O-O-O 24. Rg4 Nc5 25. Qg3 Rg2 26. Qh3 Rxg4 27. Qxg4 Kb8 28.
Nb3 Nxb3 29. axb3 d5 30. Qh5 d4 31. Bg1 f6 32. Qg6 fxg5 33. Qxg7 Qd6 34. Re1
Bf6 1/2-1/2

[Event "2. Bundesliga Ost 2013/2014"]
[Site "Wien"]
[Date "2014.02.22"]
[Round "8"]
[Board "2"]
[White "Beck, Hartmuth"]
[Black "Fodor, Tamas"]
[Result "0-1"]
[WhiteElo "2313"]
[BlackElo "2458"]
[PlyCount "80"]
[EventDate "2013.10.05"]
[EventType "team"]
[EventRounds "11"]
[EventCountry "AUT"]
[WhiteTeam "SG Hietzing/Ottakring"]
[BlackTeam "ASVOE Mattersburg"]

1. d4 Nf6 2. Bg5 d5 3. Bxf6 gxf6 4. e3 c5 5. c3 e5 6. Nf3 Nc6 7. Bb5 Qb6 8. Qa4
Bd7 9. c4 cxd4 10. cxd5 dxe3 11. O-O exf2+ 12. Kh1 Nb8 13. Bxd7+ Nxd7 14. Nc3
O-O-O 15. Rac1 Kb8 16. Rc2 Bc5 17. Ne4 Rhg8 18. Nxf2 f5 19. a3 Bxf2 20. Rcxf2
Nc5 21. Qc4 Rg4 22. Qc2 Ne4 23. Re2 Rxd5 24. b4 a6 25. Rc1 Ka7 26. Rf1 Qd8 27.
Ng1 Qd7 28. Qc1 Rd3 29. Re3 Rd2 30. Nf3 Rdxg2 31. Rxe4 fxe4 32. Nxe5 Qd4 33.
Nxg4 Rxg4 34. Rxf7 e3 35. Qc5+ Qxc5 36. bxc5 Re4 37. Rf1 e2 38. Re1 Kb8 39. Kg2
Kc7 40. Kf3 Re7 0-1

[Event "2. Bundesliga Ost 2013/2014"]
[Site "Wien"]
[Date "2014.02.22"]
[Round "8"]
[Board "3"]
[White "Petran, Peter"]
[Black "Penz, Harald"]
[Result "1/2-1/2"]
[WhiteElo "2320"]
[BlackElo "2324"]
[PlyCount "84"]
[EventDate "2013.10.05"]
[EventType "team"]
[EventRounds "11"]
[EventCountry "AUT"]
[WhiteTeam "ASVOE Mattersburg"]
[BlackTeam "SG Hietzing/Ottakring"]

1. g3 d5 2. Nf3 Nf6 3. Bg2 e6 4. O-O Be7 5. c4 c6 6. b3 O-O 7. Bb2 Nbd7 8. d4
b6 9. Nc3 Bb7 10. cxd5 cxd5 11. e3 Ne4 12. Nxe4 dxe4 13. Ne5 f5 14. Rc1 Nxe5
15. dxe5 Ba6 16. Re1 Qxd1 17. Rexd1 Rfd8 18. Bf1 Bxf1 19. Kxf1 Rxd1+ 20. Rxd1
Rd8 21. Rxd8+ Bxd8 22. Ke2 Kf7 23. f3 h5 24. f4 g5 25. Ba3 Ke8 26. Bd6 Kd7 27.
Ba3 Kc6 28. Bf8 g4 29. Bb4 h4 30. Be1 hxg3 31. hxg3 Be7 32. Bc3 Ba3 33. Kd2 Kb5
34. Kd1 a5 35. Bd4 Bb4 36. a4+ Kc6 37. Bb2 b5 38. axb5+ Kxb5 39. Bc1 Bc5 40.
Bd2 Bb6 41. Kc2 Bc5 42. Kd1 Bb6 1/2-1/2

[Event "2. Bundesliga Ost 2013/2014"]
[Site "Wien"]
[Date "2014.02.22"]
[Round "8"]
[Board "4"]
[White "Menezes, Christoph"]
[Black "Brod, Manfred"]
[Result "1/2-1/2"]
[WhiteElo "2263"]
[BlackElo "2237"]
[PlyCount "42"]
[EventDate "2013.10.05"]
[EventType "team"]
[EventRounds "11"]
[EventCountry "AUT"]
[WhiteTeam "SG Hietzing/Ottakring"]
[BlackTeam "ASVOE Mattersburg"]

1. d4 Nf6 2. c4 g6 3. Nc3 d5 4. e3 Bg7 5. cxd5 Nxd5 6. Nxd5 Qxd5 7. Ne2 e5 8.
Nc3 Qd8 9. d5 O-O 10. e4 c6 11. Be2 f5 12. Qb3 Kh8 13. h4 f4 14. Bd2 c5 15. h5
g5 16. h6 Bf6 17. Qd1 Qd7 18. Bb5 Qf7 19. Be2 Qd7 20. Bb5 Qf7 21. Be2 Qd7
 1/2-1/2

[Event "2. Bundesliga Ost 2013/2014"]
[Site "Wien"]
[Date "2014.02.22"]
[Round "8"]
[Board "5"]
[White "Wiedner, Robert"]
[Black "Schneider-Zinner, Harald"]
[Result "0-1"]
[WhiteElo "2140"]
[BlackElo "2349"]
[PlyCount "89"]
[EventDate "2013.10.05"]
[EventType "team"]
[EventRounds "11"]
[EventCountry "AUT"]
[WhiteTeam "ASVOE Mattersburg"]
[BlackTeam "SG Hietzing/Ottakring"]

1. c4 e6 2. b3 Nf6 3. Bb2 d5 4. e3 Bd6 5. Be2 O-O 6. Nf3 b6 7. Nc3 a6 8. O-O
Bb7 9. Rc1 Nbd7 10. d4 Qe7 11. Rc2 Rfd8 12. Nd2 c5 13. Bf3 Ra7 14. cxd5 exd5
15. Ne2 Ne4 16. Ng3 Nxg3 17. hxg3 Nf8 18. Be2 Bc8 19. Nf3 Bf5 20. Rc3 Be4 21.
Bd3 Ne6 22. Rc2 a5 23. dxc5 Nxc5 24. Bxe4 dxe4 25. Nd4 Qd7 26. Qh5 g6 27. Qe2
Bf8 28. Nb5 Raa8 29. Bf6 Be7 30. Bd4 Rac8 31. Nc3 Qe6 32. Bxc5 Rxc5 33. Na4
Rcd5 34. Nc3 Rd3 35. Nb1 Qd5 36. Qg4 Rd1 37. Rc1 Rxf1+ 38. Rxf1 h5 39. Qe2 Bb4
40. Qb2 Qd3 41. Rc1 Bf8 42. a3 Bg7 43. Qa2 Be5 44. a4 h4 45. gxh4 0-1

[Event "2. Bundesliga Ost 2013/2014"]
[Site "Wien"]
[Date "2014.02.22"]
[Round "8"]
[Board "6"]
[White "Steiner, Adam"]
[Black "Salamon, Werner"]
[Result "1/2-1/2"]
[WhiteElo "2255"]
[BlackElo "2122"]
[PlyCount "64"]
[EventDate "2013.10.05"]
[EventType "team"]
[EventRounds "11"]
[EventCountry "AUT"]
[WhiteTeam "SG Hietzing/Ottakring"]
[BlackTeam "ASVOE Mattersburg"]

1. e4 e5 2. Nc3 Nc6 3. f4 Bc5 4. Nf3 d6 5. Bb5 Bd7 6. Na4 Bb6 7. Nxb6 axb6 8.
d3 exf4 9. Bxf4 Nge7 10. d4 Ng6 11. Bg3 O-O 12. O-O f5 13. exf5 Bxf5 14. Qd2
Kh8 15. c3 d5 16. b3 Nce7 17. Rf2 c6 18. Be2 b5 19. Raf1 Bg4 20. Ng5 Rxf2 21.
Rxf2 Qd7 22. Nf7+ Kg8 23. Bd3 Bf5 24. Ne5 Nxe5 25. Bxe5 Bxd3 26. Qxd3 Ng6 27.
Bg3 Re8 28. h3 Qe6 29. Qf5 Qe7 30. Bd6 Qe1+ 31. Kh2 Qe6 32. Qxe6+ Rxe6 1/2-1/2

[Event "2. Bundesliga Ost 2013/2014"]
[Site "Wien"]
[Date "2014.02.22"]
[Round "8"]
[Board "1"]
[White "Markos, Jan"]
[Black "Bernasek, Jan"]
[Result "1-0"]
[WhiteElo "2584"]
[BlackElo "2539"]
[PlyCount "123"]
[EventDate "2013.10.05"]
[EventType "team"]
[EventRounds "11"]
[EventCountry "AUT"]
[WhiteTeam "ASVOE Pamhagen"]
[BlackTeam "Zwettl"]

1. Nf3 c5 2. g3 Nc6 3. Bg2 g6 4. O-O Bg7 5. e4 Nf6 6. Re1 d5 7. exd5 Nxd5 8.
Nc3 Nxc3 9. dxc3 Qb6 10. a4 O-O 11. Qe2 Bf5 12. h3 Rad8 13. g4 Be6 14. Qb5 Na5
15. Be3 Rc8 16. Ng5 Bc4 17. Qxb6 axb6 18. Rad1 h6 19. Nf3 Be6 20. Bf4 Rfd8 21.
Ne5 g5 22. Bg3 Rxd1 23. Rxd1 Bxe5 24. Bxe5 f6 25. Bg3 Kf8 26. f4 Ke8 27. f5 Bd7
28. Bd5 h5 29. b3 h4 30. Bh2 Nc6 31. Kf2 Nd8 32. Re1 Kf8 33. Ra1 e6 34. fxe6
Bxe6 35. Be4 Nc6 36. Rd1 Ke7 37. Re1 Kf7 38. Rd1 Ke7 39. Bf3 Rd8 40. Bc7 Rxd1
41. Bxd1 f5 42. Bxb6 Kd6 43. gxf5 Bxf5 44. Kg2 Be4+ 45. Kg1 Bf5 46. Kh2 Be4 47.
a5 Ne5 48. b4 cxb4 49. cxb4 Nf3+ 50. Kg2 Nd4+ 51. Kf2 Nxc2 52. Bc5+ Kd5 53. Be7
Ke6 54. Bf8 Bf5 55. Bf3 Bxh3 56. Bxb7 Kd7 57. a6 Kc7 58. Bd6+ Kb6 59. Bc5+ Kc7
60. b5 Bc8 61. b6+ Kb8 62. Bd6# 1-0

[Event "2. Bundesliga Ost 2013/2014"]
[Site "Wien"]
[Date "2014.02.22"]
[Round "8"]
[Board "2"]
[White "Polak, Thomas"]
[Black "Michalik, Peter"]
[Result "1/2-1/2"]
[WhiteElo "2502"]
[BlackElo "2584"]
[PlyCount "62"]
[EventDate "2013.10.05"]
[EventType "team"]
[EventRounds "11"]
[EventCountry "AUT"]
[WhiteTeam "Zwettl"]
[BlackTeam "ASVOE Pamhagen"]

1. d4 Nf6 2. c4 e6 3. Nf3 c6 4. Nc3 d5 5. e3 Nbd7 6. Qc2 Bd6 7. b3 O-O 8. Bb2
b6 9. Be2 Bb7 10. O-O Re8 11. Rad1 Qc7 12. h3 Rad8 13. Rfe1 Qb8 14. e4 dxe4 15.
Nxe4 Nxe4 16. Qxe4 c5 17. Qc2 cxd4 18. Nxd4 Bb4 19. Bc3 Bxc3 20. Qxc3 Ne5 21.
Qe3 Nc6 22. Nxc6 Bxc6 23. Bf3 Qb7 24. Bxc6 Qxc6 25. Rd3 Rxd3 26. Qxd3 g6 27.
Qd4 Qc5 28. Qxc5 bxc5 29. Rd1 a5 30. Rd7 a4 31. Kf1 Rb8 1/2-1/2

[Event "2. Bundesliga Ost 2013/2014"]
[Site "Wien"]
[Date "2014.02.22"]
[Round "8"]
[Board "3"]
[White "Lipka, Juraj"]
[Black "Schroll, Gerhard"]
[Result "1/2-1/2"]
[WhiteElo "2419"]
[BlackElo "2384"]
[PlyCount "49"]
[EventDate "2013.10.05"]
[EventType "team"]
[EventRounds "11"]
[EventCountry "AUT"]
[WhiteTeam "ASVOE Pamhagen"]
[BlackTeam "Zwettl"]

1. e4 Nf6 2. e5 Nd5 3. d4 d6 4. c4 Nb6 5. exd6 exd6 6. Nc3 Nc6 7. Be3 Be7 8.
Bd3 O-O 9. Nge2 Nb4 10. O-O Nxd3 11. Qxd3 d5 12. c5 Nc4 13. Bc1 c6 14. b3 Na5
15. Bd2 Re8 16. Rfe1 g6 17. Ng3 b6 18. Na4 Nb7 19. b4 b5 20. Nb2 Bd7 21. a4 a6
22. Bf4 Bf6 23. Qd2 Rxe1+ 24. Rxe1 a5 25. axb5 1/2-1/2

[Event "2. Bundesliga Ost 2013/2014"]
[Site "Wien"]
[Date "2014.02.22"]
[Round "8"]
[Board "4"]
[White "Blatny, Pavel"]
[Black "Maslik, Miroslav"]
[Result "0-1"]
[WhiteElo "2414"]
[BlackElo "2366"]
[PlyCount "70"]
[EventDate "2013.10.05"]
[EventType "team"]
[EventRounds "11"]
[EventCountry "AUT"]
[WhiteTeam "Zwettl"]
[BlackTeam "ASVOE Pamhagen"]

1. d4 Nf6 2. Nf3 c5 3. c3 e6 4. Bf4 cxd4 5. Nxd4 d6 6. Nb5 e5 7. Bg5 a6 8. Bxf6
gxf6 9. N5a3 f5 10. g3 h5 11. Bg2 h4 12. e4 hxg3 13. hxg3 Rxh1+ 14. Bxh1 Nc6
15. Qh5 fxe4 16. Bxe4 d5 17. Bg2 Be6 18. Nc2 Qb6 19. b3 O-O-O 20. Nd2 e4 21.
Bh3 Bxh3 22. Qxh3+ Kb8 23. Qh7 Ne5 24. Kf1 Nd3 25. Ne3 Bh6 26. Ke2 Nxf2 27.
Ndf1 Nd3 28. Ng4 Bc1 29. Qxf7 Bb2 30. Rd1 Bxc3 31. Nfe3 Qb5 32. a4 Nf4+ 33. Kf2
Qe2+ 34. Kg1 Nh3+ 35. Kh1 Rh8 0-1

[Event "2. Bundesliga Ost 2013/2014"]
[Site "Wien"]
[Date "2014.02.22"]
[Round "8"]
[Board "5"]
[White "Vitouch, Anatol"]
[Black "Pisk, Petr"]
[Result "1/2-1/2"]
[WhiteElo "2270"]
[BlackElo "2410"]
[PlyCount "41"]
[EventDate "2013.10.05"]
[EventType "team"]
[EventRounds "11"]
[EventCountry "AUT"]
[WhiteTeam "ASVOE Pamhagen"]
[BlackTeam "Zwettl"]

1. c4 g6 2. g3 Bg7 3. Bg2 Nf6 4. Nc3 O-O 5. e4 c5 6. Nge2 Nc6 7. d3 d6 8. O-O
Bg4 9. f3 Bd7 10. Be3 a6 11. Qd2 Qc8 12. Nd5 Nxd5 13. cxd5 Nd4 14. Nxd4 cxd4
15. Bf2 Qc5 16. Rfc1 Qb6 17. Rc4 Bb5 18. Rc2 Ba4 19. Rc4 Bb5 20. Rc2 Ba4 21.
Rc4 1/2-1/2

[Event "2. Bundesliga Ost 2013/2014"]
[Site "Wien"]
[Date "2014.02.22"]
[Round "8"]
[Board "6"]
[White "Groetz, Harald"]
[Black "Bezuch, Martin"]
[Result "0-1"]
[WhiteElo "2316"]
[BlackElo "2295"]
[PlyCount "58"]
[EventDate "2013.10.05"]
[EventType "team"]
[EventRounds "11"]
[EventCountry "AUT"]
[WhiteTeam "Zwettl"]
[BlackTeam "ASVOE Pamhagen"]

1. e4 g6 2. d4 Bg7 3. Nc3 d6 4. Bg5 a6 5. Qd2 b5 6. a3 Nd7 7. f4 Bb7 8. Nf3
Ngf6 9. e5 Nd5 10. Ne4 O-O 11. Bd3 Qb8 12. O-O c5 13. exd6 c4 14. Be2 exd6 15.
f5 Qc7 16. Bh6 Rae8 17. Bxg7 Kxg7 18. Ng3 N7f6 19. Ng5 c3 20. bxc3 Qxc3 21.
Qxc3 Nxc3 22. Bd3 h5 23. h4 Re3 24. Nf3 Rfe8 25. Rae1 Ng4 26. Rxe3 Rxe3 27.
fxg6 fxg6 28. Nh1 Rxd3 29. Re1 Re3 0-1

[Event "2. Bundesliga Ost 2013/2014"]
[Site "Wien"]
[Date "2014.02.22"]
[Round "8"]
[Board "1"]
[White "Lendwai, Reinhard"]
[Black "Loeffler, Stefan"]
[Result "1/2-1/2"]
[WhiteElo "2379"]
[BlackElo "2415"]
[PlyCount "60"]
[EventDate "2013.10.05"]
[EventType "team"]
[EventRounds "11"]
[EventCountry "AUT"]
[WhiteTeam "Raiffeisen Waehring"]
[BlackTeam "ASVOE VHS Poechlarn"]

1. d4 Nf6 2. Bg5 Ne4 3. Bf4 d5 4. Nd2 Bf5 5. e3 e6 6. Ngf3 Bd6 7. Bxd6 cxd6 8.
c3 Nc6 9. Be2 O-O 10. O-O Rb8 11. a4 Qf6 12. Nxe4 Bxe4 13. Nd2 Bg6 14. Bf3 Rfc8
15. e4 dxe4 16. Nxe4 Bxe4 17. Bxe4 d5 18. Bd3 a6 19. Qe2 e5 20. dxe5 Qxe5 21.
Rad1 Qxe2 22. Bxe2 Rd8 23. Rd3 d4 24. Rfd1 dxc3 25. Rxc3 Rxd1+ 26. Bxd1 Rd8 27.
Bf3 Nd4 28. Kf1 Nxf3 29. Rxf3 Kf8 30. Rb3 Rd7 1/2-1/2

[Event "2. Bundesliga Ost 2013/2014"]
[Site "Wien"]
[Date "2014.02.22"]
[Round "8"]
[Board "2"]
[White "Kostic, Vladimir"]
[Black "Kirschner, Alexander"]
[Result "1-0"]
[WhiteElo "2436"]
[BlackElo "2286"]
[PlyCount "69"]
[EventDate "2013.10.05"]
[EventType "team"]
[EventRounds "11"]
[EventCountry "AUT"]
[WhiteTeam "ASVOE VHS Poechlarn"]
[BlackTeam "Raiffeisen Waehring"]

1. e4 e6 2. d4 d5 3. e5 c5 4. c3 Nc6 5. Nf3 Bd7 6. a3 f6 7. Bd3 fxe5 8. dxe5
Qc7 9. Qe2 c4 10. Bc2 O-O-O 11. O-O h6 12. Re1 Bc5 13. Be3 Bxe3 14. Qxe3 Nge7
15. Nbd2 Rhf8 16. b3 cxb3 17. Nxb3 Kb8 18. Bd3 Na5 19. Nbd4 Nc8 20. Bb5 Nb6 21.
Nd2 Rc8 22. Bxd7 Qxd7 23. Rab1 Nac4 24. Nxc4 Nxc4 25. Qh3 Rfe8 26. Ra1 Rc5 27.
f4 Nd2 28. f5 exf5 29. e6 Qc7 30. Qh5 Qc8 31. Qxf5 Ne4 32. c4 Rxc4 33. Qxd5 Nf6
34. Qd6+ Qc7 35. Nb5 1-0

[Event "2. Bundesliga Ost 2013/2014"]
[Site "Wien"]
[Date "2014.02.22"]
[Round "8"]
[Board "3"]
[White "Brustkern, Juergen"]
[Black "Weinzettl, Ernst"]
[Result "1/2-1/2"]
[WhiteElo "2241"]
[BlackElo "2312"]
[PlyCount "59"]
[EventDate "2013.10.05"]
[EventType "team"]
[EventRounds "11"]
[EventCountry "AUT"]
[WhiteTeam "Raiffeisen Waehring"]
[BlackTeam "ASVOE VHS Poechlarn"]

1. c4 Nf6 2. Nc3 g6 3. e4 d6 4. d4 Bg7 5. f4 O-O 6. Nf3 e5 7. dxe5 dxe5 8. Qxd8
Rxd8 9. Nxe5 Na6 10. Bd3 Ng4 11. Nxg4 Rxd3 12. Ne5 Rd8 13. O-O f6 14. Nf3 Be6
15. b3 c6 16. Ba3 Rd3 17. Rac1 Bh6 18. Rc2 Bxf4 19. Ne1 Be3+ 20. Kh1 Rd2 21.
Rxf6 Re8 22. Rf3 Bh6 23. Rxd2 Bxd2 24. Nc2 h5 25. h3 Bf7 26. Rd3 Bxc3 27. Rxc3
Rxe4 28. Rd3 Be8 29. Kg1 Re2 30. Re3 1/2-1/2

[Event "2. Bundesliga Ost 2013/2014"]
[Site "Wien"]
[Date "2014.02.22"]
[Round "8"]
[Board "4"]
[White "Wilke, Werner"]
[Black "Todor, Razvan"]
[Result "0-1"]
[WhiteElo "2243"]
[BlackElo "2161"]
[PlyCount "82"]
[EventDate "2013.10.05"]
[EventType "team"]
[EventRounds "11"]
[EventCountry "AUT"]
[WhiteTeam "ASVOE VHS Poechlarn"]
[BlackTeam "Raiffeisen Waehring"]

1. e4 e6 2. d4 d5 3. Nc3 Be7 4. Bd3 Nc6 5. Nf3 Nb4 6. Be2 dxe4 7. Nxe4 Nf6 8.
Nxf6+ Bxf6 9. O-O O-O 10. a3 Nc6 11. Be3 e5 12. d5 Ne7 13. c4 Nf5 14. Bc5 Re8
15. g4 b6 16. Bb4 Nd6 17. h3 h5 18. Ne1 e4 19. Qb3 Be5 20. Bc3 hxg4 21. Bxe5
Rxe5 22. Qg3 Rg5 23. h4 Nf5 24. Qh2 g3 25. fxg3 Rxg3+ 26. Ng2 Qxh4 27. Rxf5
Qxh2+ 28. Kxh2 Rxg2+ 29. Kxg2 Bxf5 30. Kg3 Re8 31. Kf4 Bd7 32. c5 f6 33. Rc1
g5+ 34. Ke3 f5 35. Rg1 f4+ 36. Kd4 bxc5+ 37. Kxc5 f3 38. Bc4 Kg7 39. Rxg5+ Kf6
40. Rg3 Ke5 41. Rg7 e3 0-1

[Event "2. Bundesliga Ost 2013/2014"]
[Site "Wien"]
[Date "2014.02.22"]
[Round "8"]
[Board "5"]
[White "Lovrinovic, Christian"]
[Black "Gratze, Michael"]
[Result "1/2-1/2"]
[WhiteElo "2140"]
[BlackElo "1982"]
[PlyCount "66"]
[EventDate "2013.10.05"]
[EventType "team"]
[EventRounds "11"]
[EventCountry "AUT"]
[WhiteTeam "Raiffeisen Waehring"]
[BlackTeam "ASVOE VHS Poechlarn"]

1. d4 Nf6 2. c4 g6 3. Nc3 Bg7 4. e4 d6 5. Nf3 O-O 6. Be2 e5 7. O-O c6 8. Be3
Ng4 9. Bg5 f6 10. Bc1 f5 11. h3 exd4 12. Nxd4 Qb6 13. hxg4 Qxd4 14. gxf5 gxf5
15. Be3 Qf6 16. exf5 Bxf5 17. Qd2 Qg6 18. Rfd1 Bh3 19. Bf1 Bg4 20. Ne2 Nd7 21.
Nf4 Rxf4 22. Bxf4 Be5 23. Bxe5 Nxe5 24. Qxd6 Qg5 25. Re1 Re8 26. Rxe5 Qxe5 27.
Qxe5 Rxe5 28. f3 Bf5 29. Rd1 Kf7 30. Kf2 c5 31. g4 Be6 32. f4 Bxg4 33. Rd2 Re7
 1/2-1/2

[Event "2. Bundesliga Ost 2013/2014"]
[Site "Wien"]
[Date "2014.02.22"]
[Round "8"]
[Board "6"]
[White "Gattermayer, Robert"]
[Black "Dragnev, Valentin"]
[Result "0-1"]
[WhiteElo "2035"]
[BlackElo "2037"]
[PlyCount "66"]
[EventDate "2013.10.05"]
[EventType "team"]
[EventRounds "11"]
[EventCountry "AUT"]
[WhiteTeam "ASVOE VHS Poechlarn"]
[BlackTeam "Raiffeisen Waehring"]

1. e4 e5 2. Nf3 Nc6 3. d4 exd4 4. Bc4 Nf6 5. e5 Ng4 6. O-O Be7 7. Re1 d6 8. e6
Bxe6 9. Bxe6 fxe6 10. Nxd4 Nxd4 11. Qxd4 Nf6 12. Rxe6 O-O 13. Nc3 Qd7 14. Qe3
Kf7 15. Re4 Nxe4 16. Nxe4 Rae8 17. Bd2 Kg8 18. Bc3 d5 19. Rd1 Bd6 20. Rxd5
Bxh2+ 21. Kxh2 Qxd5 22. Qg3 Qh5+ 23. Kg1 Qg6 24. Qxg6 hxg6 25. f3 Rf5 26. Ng3
Rd5 27. Kf2 Rd1 28. Ne2 c5 29. f4 b5 30. a3 g5 31. f5 a5 32. Bxa5 b4 33. axb4
Rd2 0-1

[Event "2. Bundesliga Ost 2013/2014"]
[Site "Wien"]
[Date "2014.02.22"]
[Round "8"]
[Board "1"]
[White "Csonka, Attila"]
[Black "Volkmann, Friedrich Karl"]
[Result "1/2-1/2"]
[WhiteElo "2387"]
[BlackElo "2420"]
[PlyCount "133"]
[EventDate "2013.10.05"]
[EventType "team"]
[EventRounds "11"]
[EventCountry "AUT"]
[WhiteTeam "SGM Sparkasse Ternitz"]
[BlackTeam "ASVOE Wulkaprodersdorf"]

1. e4 e5 2. Nf3 Nf6 3. Nxe5 Nxe4 4. Qe2 Qe7 5. Qxe4 d6 6. d4 dxe5 7. dxe5 Nc6
8. Bb5 Bd7 9. Nc3 O-O-O 10. Bf4 Qb4 11. O-O-O Qxe4 12. Nxe4 Nxe5 13. Bxd7+ Nxd7
14. Ng5 Be7 15. Nxf7 Rdf8 16. Nxh8 Rxf4 17. Rhe1 Kd8 18. Re6 Rf8 19. Ng6 hxg6
20. Rxg6 Bf6 21. c3 Re8 22. Rg3 Be5 23. Rf3 Bd6 24. Kc2 Re4 25. Rfd3 Ke7 26. h3
Nc5 27. Rd4 Re2+ 28. R4d2 Re4 29. b4 Na4 30. Kd3 Rh4 31. Re1+ Kf6 32. Rde2 a5
33. Re4 Rh5 34. R1e3 Rd5+ 35. Kc2 Rf5 36. f3 axb4 37. cxb4 Rh5 38. f4 b5 39. g4
Rh8 40. Re6+ Kf7 41. g5 Ra8 42. g6+ Kf8 43. f5 Bxb4 44. f6 gxf6 45. Rxf6+ Kg7
46. Ree6 Bd6 47. Rf7+ Kg8 48. h4 Nc5 49. Re3 Rxa2+ 50. Kb1 Ra8 51. h5 Bf8 52.
Rxc7 b4 53. g7 Bxg7 54. Rxc5 Bd4 55. Rg5+ Kh7 56. Rd3 Bc3 57. Rd7+ Kh6 58. Rb5
Ra6 59. Kc2 Rf6 60. Kd3 Re6 61. Rdb7 Rd6+ 62. Ke4 Re6+ 63. Kf5 Rc6 64. Rd5 Kxh5
65. Rh7+ Rh6 66. Rxh6+ Kxh6 67. Rb5 1/2-1/2

[Event "2. Bundesliga Ost 2013/2014"]
[Site "Wien"]
[Date "2014.02.22"]
[Round "8"]
[Board "2"]
[White "Wallner, Joachim"]
[Black "Schwarhofer, Christopher"]
[Result "0-1"]
[WhiteElo "2365"]
[BlackElo "2310"]
[PlyCount "84"]
[EventDate "2013.10.05"]
[EventType "team"]
[EventRounds "11"]
[EventCountry "AUT"]
[WhiteTeam "ASVOE Wulkaprodersdorf"]
[BlackTeam "SGM Sparkasse Ternitz"]

1. e4 c5 2. Nf3 e6 3. d4 cxd4 4. Nxd4 Nf6 5. Bd3 Nc6 6. Nxc6 dxc6 7. f4 e5 8.
f5 Nxe4 9. Qf3 Nc5 10. Nc3 Nxd3+ 11. cxd3 Qh4+ 12. g3 Qh3 13. Rf1 Bd7 14. Be3
O-O-O 15. Bxa7 g6 16. Bb6 Re8 17. Qe4 Bxf5 18. Qa4 Qxh2 19. Qa8+ Kd7 20. Qxb7+
Ke6 21. Qxc6+ Bd6 22. O-O-O Rc8 23. Qd5+ Ke7 24. Kb1 Rxc3 25. bxc3 Rb8 26. Qa5
Qg2 27. Ka1 Ra8 28. Rf2 Qc6 29. Ba7 Qd7 30. g4 Rxa7 31. Qd5 Be6 32. Qf3 Qa4 33.
Rb1 Qxg4 34. Qe3 Qa4 35. c4 Qa3 36. Rb3 Qc5 37. Qg5+ Kd7 38. Qg2 Qd4+ 39. Kb1
e4 40. Rfb2 Bxc4 41. Rb7+ Rxb7 42. Rxb7+ Kc8 0-1